1175 1164 1660 1828 1213 1905 1684 1325 1971 1915 1816 1985 1406 1810 1221 1327 1234 1709 1651 2000 1462 1922 1570 1820 1673 1324 1869 1817 1544 1179 1404 1162 1998 1532 1408 1513 1436 1015 1681 1547 1569 1842 1179 1713 1285 1489 1399 1327 1523 1045 1391 1802 1993 1834 1652 1027 1251 1659 1529 1154 1264 1504 1295 1059 1690 1750 1663 1908 1368 1329 1121 1240 1226 1804 1271 1570 1602 1197 1905 1716 1361 1676 1016 1680 1324 1404 1366 1819 1544 1348 1581 1350 1992 1080 1805 1491 1262 1190 1750 BCNSPRNW ULIB Ver.6.0+V

เปลี่ยนเป็นภาษาไทย

Change to English
 แสดงรายละเอียดบรรณานุกรม
  กลับหน้าหลัก

Brief Record : Get Marc (ISO 2709) : E-mail record : QR code < ปิดหน้าต่าง
LEADER : 00000nam 2200000uu 4500
001    13399127006
003     ULIB
008    190927s2562||||th 000 0 tha d
020    ^a9786163143211^c260 บาท
060  4 ^aWY160^bอ51ก
100 0  ^aเอกอุมา อิ้มคำ.
245 10 ^aการพยาบาลสุขภาพจิตและจิตเวช : ^bการประยุกต์ใช้กรณีเลือกสรร/^cเอกอุมา อิ้มคำ
260    ^aกรุงเทพฯ :^bมหาวิทยาลัยธรรมศาสตร์,^c2562.
300    ^a372 หน้า :^bภาพประกอบ ;^c26 ซม หน้า.
505    ^aแนวคิดหลักในการพยาบาลสุขภาพจิตและจิตเวช -- การเก็บรวบรวมข้อมูล การประเมินสภาพจิตและการวิเคราะห์กลไกการเกิดโรคในผู้ที่มีปัญหาสุขภาพจิตและจิตเวช -- การพยาบาลผู้รับบริการที่มีปัญหาสมาธิสั้นการเผชิญปัญหาและการสื่อสาร -- การพยาบาลผู้รับบริการที่มีความผิดปกติด้านพฤติกรรมความคิดและการรับรู้.
541    ^aจัดซื้อ
650  4 ^aการพยาบาลจิตเวชศาสตร์.
650  4 ^aผู้ป่วยจิตเภท^xการดูแล.
650  4 ^aผู้ป่วยจิตเวช^xการดูแล.
945    ^p260^l0^i27817
945    ^p260^l0^i27820
945    ^p260^l0^i27818
945    ^p260^l0^i27819
999    ^aกัณชพร จุลอักษร
รายการนี้ยังไม่มีแท็ก
คุณยังไม่ได้ล็อกอิน คุณสามารถมีกิจกรรมร่วมกับเว็บไซต์ได้ แต่ต้องล็อกอินก่อน ::
  ล็อกอิน

รายการสื่อสารสนเทศ

ลำดับที่ ประเภท เลขเรียก/บาร์โค้ด สถานที่ สถานะ
1. หนังสือสำรอง
หนังสือสำรอง
WY160 อ51ก ฉ.1 
  Barcode: 27817
ห้องสมุดวิทยาเขตนครสวรรค์
►หนังสือทั่วไป:l:General Books
บนชั้น
2. วิทยาศาสตร์การแพทย์ และสุขภาพ
วิทยาศาสตร์การแพทย์ และสุขภาพ
WY160 อ51ก ฉ.2 
  Barcode: 27818
ห้องสมุดวิทยาเขตนครสวรรค์
►หนังสือทั่วไป:l:General Books
บนชั้น
3. วิทยาศาสตร์การแพทย์ และสุขภาพ
วิทยาศาสตร์การแพทย์ และสุขภาพ
WY160 อ51ก ฉ.3 
  Barcode: 27819
ห้องสมุดวิทยาเขตนครสวรรค์
►หนังสือทั่วไป:l:General Books
บนชั้น
4. วิทยาศาสตร์การแพทย์ และสุขภาพ
วิทยาศาสตร์การแพทย์ และสุขภาพ
WY160 อ51ก ฉ.4 
  Barcode: 27820
ห้องสมุดวิทยาเขตนครสวรรค์
►หนังสือทั่วไป:l:General Books
บนชั้น

รายการใกล้เคียง
    ผู้แต่ง [เอกอุมา อิ้มคำ.]

    หัวเรื่อง [การพยาบาลจิตเวชศาสตร์.]

BibComment


ยังไม่เคยถูกคอมเมนท์

คอมเมนท์ทรัพยากรรายการนี้
  คอมเมนท์: การพยาบาลสุขภาพจ..


 Copyright 2026. Bcnsprnw @Library